[Event "Eger op"]
[Site "Eger"]
[Date "1989.??.??"]
[Round "?"]
[White "Fette, Martin"]
[Black "Fogarasi, Tibor"]
[Result "0-1"]
[WhiteElo "2270"]
[BlackElo "2395"]

1.c4 e6 2.Nf3 d5 3.g3 Nf6 4.Bg2 Be7 5.O-O O-O 6.b3 c5 7.Bb2 Nc6 8.cxd5 exd5
9.d4 Ne4 10.Nc3 Bf6 11.Na4 Re8 12.Rc1 b6 13.dxc5 Bxb2 14.Nxb2 bxc5 15.Nd3 Ba6
16.Nf4 Nb4 17.a3 Na2 18.Rc2 Nac3 19.Qa1 g5 20.Nxg5 Qxg5 21.Rxc3 Nxc3 22.Qxc3 Rad8
23.Qxc5 Bxe2 24.Re1 Ba6 25.Rxe8+ Rxe8 26.h4 Qe7 27.Qxd5 Qe5 28.Qc6 Bb5 29.Qh6 Qg7
30.Qh5 Qe5 31.Qg4+ Kf8 32.a4 Qe1+ 33.Kh2 Bf1 34.Qf5 Bxg2 35.Nxg2 Qe4 36.Qc5+ Qe7
37.Qd4 Kg8 38.Nf4 Rd8 39.Qc3 Qd6 40.Qa5 Qd4 41.Qg5+ Kf8 42.Nh3 Rd6 43.Qf5 h6
44.Qc8+ Kg7 45.Qb7 a5 46.Qf3 Qd3 47.Qg4+ Qg6 48.Qc8 Qd3 49.Nf4 Qf3 50.Qc5 Rd1
51.Qe5+ Kg8 52.Qe8+ Kg7 53.Qe5+ Kf8 54.Qc5+ Kg8 55.Ng2 Rf1 56.Qc8+ Kg7 57.Qh3 Rxf2
58.Kg1 Rf1+ 59.Kh2 Qd1 60.Ne3 Rh1+  0-1

[Event "Forli op"]
[Site "Forli"]
[Date "1989.??.??"]
[Round "5"]
[White "Pastorini, Mario"]
[Black "Polaczek, Richard"]
[Result "1-0"]
[WhiteElo "2305"]
[BlackElo "2375"]

1.c4 e6 2.Nf3 d5 3.b3 c5 4.Bb2 Nc6 5.g3 d4 6.d3 Bd6 7.Bg2 Nge7 8.e3 e5 9.Nbd2 f5
10.exd4 cxd4 11.a3 a5 12.O-O O-O 13.Re1 Ng6 14.h4 e4 15.dxe4 f4 16.e5 Ngxe5
17.Nxe5 Nxe5 18.Ne4 fxg3 19.fxg3 Nc6 20.Qh5 Bf5 21.Nxd6 Qxd6 22.Qg5 h6 23.Qf4 Qxf4
24.gxf4 Rad8 25.Bd5+ Kh7 26.Bxc6 bxc6 27.Rad1 Bc2 28.Rxd4 Rxd4 29.Bxd4 Rxf4
30.Bc3 a4 31.Re7 Rg4+ 32.Kf2 axb3 33.a4 Kg8 34.a5 Rf4+ 35.Kg1 Rxc4 36.a6 Rg4+
37.Kf2 Rf4+ 38.Kg3 Rc4 39.a7 Rxc3+ 40.Kh2  1-0

[Event "FRA-chB"]
[Site "?"]
[Date "1989.??.??"]
[Round "?"]
[White "Roos, Celine"]
[Black "Praud, Jean Luc"]
[Result "1/2-1/2"]
[WhiteElo "2145"]
[BlackElo "2265"]

1.c4 e6 2.Nf3 d5 3.g3 c5 4.cxd5 exd5 5.d4 Nf6 6.Bg2 Be7 7.O-O O-O 8.Nc3 Nc6
9.Bg5 cxd4 10.Nxd4 h6 11.Bf4 Bg4 12.Rc1 Qd7 13.Nxc6 bxc6 14.Qa4 Bh3 15.Rfd1 Bxg2
16.Kxg2 Qb7 17.Qb3 Qa6 18.Be3 Rfb8 19.Qa4 Qb7 20.Bd4 c5 21.Bxf6 d4+ 22.f3 Bxf6
23.Ne4 Qxb2 24.Rc2 Qb5 25.Qxb5 Rxb5 26.Rxc5 Rxc5 27.Nxc5 Rc8 28.Ne4 Rc2 29.Rd2 Rc4
30.Nxf6+ gxf6 31.g4 a5 32.f4 d3 33.exd3 Rxf4 34.Kg3 Rd4 35.Kf3 a4 36.h3 Kf8
37.Ke3 Rd5 38.Rf2 Ke7 39.Rf4 Ra5 40.a3 Ke6 41.Re4+ Kd6 42.Rb4 Ke6 43.Ke4 h5
44.d4 hxg4 45.d5+ Rxd5 46.Rb6+ Rd6 47.Rxd6+ Kxd6 48.hxg4 Kc5  1/2-1/2

[Event "FRA-chT"]
[Site "?"]
[Date "1989.??.??"]
[Round "?"]
[White "Bricard, Emmanuel"]
[Black "Guigonis, Dominique"]
[Result "0-1"]
[WhiteElo "2370"]
[BlackElo "2325"]

1.c4 e6 2.Nf3 d5 3.d4 Nf6 4.Nc3 Nbd7 5.cxd5 exd5 6.Bg5 c6 7.e3 Be7 8.Bd3 Ne4
9.Bxe7 Qxe7 10.Bxe4 dxe4 11.Nd2 f5 12.Qh5+ g6 13.Qe2 Nf6 14.O-O O-O 15.Rfc1 Be6
16.a3 Bd5 17.b4 a6 18.Nc4 g5 19.Ne5 Rad8 20.Nxd5 Nxd5 21.Rc5 Rd6 22.Rf1 Rff6
23.Kh1 Rh6 24.f3 f4 25.exf4 exf3 26.Qxf3 gxf4 27.Qg4+ Kh8 28.Qc8+ Kg7 29.Qg4+ Kh8
30.Rcc1 Rhf6 31.Rf2 Ne3 32.Qh4 Nf5 33.Qh5 Ng3+  0-1

[Event "FRA-chT"]
[Site "?"]
[Date "1989.??.??"]
[Round "?"]
[White "Miralles, Gilles"]
[Black "Flear, Christine"]
[Result "1-0"]
[WhiteElo "2400"]
[BlackElo "2170"]

1.c4 e6 2.Nf3 d5 3.g3 Nf6 4.Bg2 Be7 5.O-O O-O 6.d4 dxc4 7.Qc2 a6 8.Qxc4 b5
9.Qc2 Bb7 10.Bg5 Nbd7 11.Nbd2 Rc8 12.Bxf6 Nxf6 13.Nb3 Be4 14.Qc1 c5 15.dxc5 Qc7
16.Rd1 Bxc5 17.Nxc5 Qxc5 18.Qf4 h6 19.Rac1 Qb6 20.Ne5 Bxg2 21.Kxg2 Qb7+ 22.Qf3 Qxf3+
23.Kxf3 g6 24.e4 Kg7 25.Ke3 h5 26.f3 Rfd8 27.Rxd8 Rxc1 28.Ra8 Ng8 29.h4 Ne7
30.Rxa6 Rc2 31.Ra7 Kf8 32.Ra8+ Kg7 33.b3 f6 34.Nd3 e5 35.Ra7 Kf8 36.Nb4 Rg2
37.Rb7 Rxg3 38.Rxb5 g5 39.hxg5 Rxg5 40.Nd5 Nxd5+ 41.Rxd5 h4 42.Rd2 Rg1 43.Rh2 Ra1
44.Kd3 Rf1 45.Rh3 Ke7 46.Kc4 Kd6 47.Kb5  1-0

[Event "Frankfurt"]
[Site "Frankfurt"]
[Date "1989.??.??"]
[Round "10"]
[White "Reschke, Stefan"]
[Black "Bretsnajdr, Vladimir"]
[Result "0-1"]
[WhiteElo "2330"]
[BlackElo "2310"]

1.c4 e6 2.Nf3 d5 3.b3 c5 4.g3 Nc6 5.Bg2 Nf6 6.O-O Be7 7.e3 d4 8.d3 e5 9.e4 O-O
10.h3 Ne8 11.Ne1 Nd6 12.a3 Bd7 13.Nc2 a6 14.b4 cxb4 15.axb4 b5 16.Nba3 Be6
17.c5 Nb7 18.f4 f6 19.Bd2 Qd7 20.f5 Bb3 21.Qb1 Bf7 22.h4 Rfb8 23.g4 a5 24.Rf3 axb4
25.Nxb4 Nxb4 26.Bxb4 Nxc5 27.Nc2 Nb3 28.Rxa8 Rxa8 29.Be1 Qa7 30.Rf2 Qa4 31.Bf1 h6
32.Rg2 Qa2 33.Qd1 Na1 34.Nb4 Qb3 35.Qd2 Bxb4 36.Qxb4 Nc2 37.Qxb3 Bxb3 38.Bd2 Kf7
39.g5 hxg5 40.hxg5 fxg5 41.Bxg5 Ne1 42.Rb2 Nf3+ 43.Kf2 Bd1 44.Bd2 Nxd2 45.Rxd2 Bb3
46.Be2 Ra2 47.Ke1 Ra1+ 48.Kf2 Ra2 49.Ke1 Kf6 50.Rxa2 Bxa2 51.Kd2 Bb3 52.Kc1 Kg5
53.Kb2 Ba4 54.Kc1 Kf4 55.Kd2 b4 56.Bh5 b3 57.Bf7 b2 58.Ba2 Kf3  0-1

[Event "GermanyNord-Baden/Wuert"]
[Site "Germany"]
[Date "1989.??.??"]
[Round "2"]
[White "Raupp, Thomas"]
[Black "Zierke, Oliver"]
[Result "1/2-1/2"]
[WhiteElo "2345"]
[BlackElo "2275"]

1.c4 e6 2.Nf3 d5 3.b3 Nf6 4.g3 Be7 5.Bg2 O-O 6.O-O c5 7.e3 Nc6 8.Bb2 Re8
9.Qe2 b6 10.Rd1 Qc7 11.Nc3 Ba6 12.Nb5 Qd7 13.Rab1 Rac8 14.d3 Bb7 15.e4 a6
16.Na3 dxe4 17.dxe4 Qc7 18.e5 Nd7 19.Nc2 Rcd8 20.Nd2 Ndb8 21.f4 Nd4 22.Bxd4 cxd4
23.Ne1 Bxg2 24.Kxg2 Nc6 25.Ne4 Rd7 26.Nd3 Nb4 27.a3 Nxd3 28.Qxd3 Rc8  1/2-1/2

[Event "EU-chT"]
[Site "Haifa"]
[Date "1989.??.??"]
[Round "1"]
[White "Morris, Charles F"]
[Black "Stempin, Pawel"]
[Result "0-1"]
[WhiteElo "2205"]
[BlackElo "2405"]

1.c4 e6 2.Nf3 d5 3.g3 dxc4 4.Bg2 Nd7 5.Qa4 c5 6.O-O a6 7.Qxc4 b6 8.Qf4 Ra7
9.b3 Ngf6 10.Bb2 Be7 11.Ne5 Nxe5 12.Bxe5 O-O 13.Rd1 Nd5 14.Qc4 Rd7 15.d3 Bb7
16.Nd2 Qa8 17.Qg4 Bf6 18.Bxf6 Nxf6 19.Bxb7 Qxb7 20.Qf3 Nd5 21.Rac1 Qb8 22.Rc4 Rfd8
23.Rdc1 Ne7 24.Rf4 Nf5 25.Re4 Nd4 26.Qh5 Rd5 27.Qh3 h6 28.Kf1 b5 29.Re3 Qb6
30.Nf3 Qa5  0-1

[Event "EU-chT"]
[Site "Haifa"]
[Date "1989.??.??"]
[Round "3"]
[White "Kovacevic, Vlatko"]
[Black "Negulescu, Adrian"]
[Result "0-1"]
[WhiteElo "2515"]
[BlackElo "2440"]

1.c4 e6 2.Nf3 d5 3.b3 c6 4.e3 a5 5.Bb2 f5 6.Ne5 Nf6 7.Be2 Nbd7 8.Nxd7 Bxd7
9.O-O Bd6 10.f4 O-O 11.Be5 Be8 12.Qc2 g5 13.Bxd6 Qxd6 14.c5 Qc7 15.d4 gxf4
16.exf4 b6 17.Nd2 Nd7 18.Rac1 bxc5 19.dxc5 Bg6 20.Qc3 Rae8 21.Qd4 e5 22.fxe5 Nxe5
23.Qf4 Rf7 24.h4 Ng4 25.Bxg4 fxg4 26.Qxg4 Rg7 27.Rce1 Be4 28.Nxe4 dxe4 29.Qh5 Re6
30.Qf5 Qe7 31.Rf4 e3 32.Rd1 Rgg6 33.h5 e2 34.Re1 Rg5 35.Rg4 Rxg4 36.Qxg4+ Kf7
37.Qf5+ Kg7 38.a3 Qh4 39.h6+ Qxh6 40.Qg4+ Kf7 41.Qf3+ Ke7 42.Rxe2 Qc1+ 43.Kh2 Qxc5
44.Rxe6+ Kxe6 45.Qh3+ Qf5 46.Qh6+ Kd7 47.Qg7+ Kd6 48.Qh6+ Kc7 49.Qg7+ Qd7
50.Qxd7+ Kxd7 51.Kg3 Ke6 52.Kf4 Kd5 53.Ke3 h5 54.Kf4 c5 55.Ke3 h4 56.Kd3 Ke5
57.Ke3 Kf5 58.Kf3 Kg5 59.Kf2 Kf4 60.Ke2 Ke4 61.Kd2  0-1

[Event "EU-chT"]
[Site "Haifa"]
[Date "1989.??.??"]
[Round "5"]
[White "McNab, Colin Anderson"]
[Black "Antunes, Antonio"]
[Result "1/2-1/2"]
[WhiteElo "2435"]
[BlackElo "2450"]

1.c4 e6 2.Nf3 d5 3.b3 Nf6 4.g3 a5 5.Bg2 a4 6.O-O Be7 7.Ba3 O-O 8.Bxe7 Qxe7
9.Nc3 Bd7 10.Ne5 axb3 11.Qxb3 Nc6 12.Nxd7 Qxd7 13.cxd5 Nxd5 14.Nxd5 Na5 15.Nf6+ gxf6
16.Qc3 f5 17.Rfc1 c6 18.Rab1 Rfd8 19.d3 Qd4 20.Qd2 Ra6 21.Qg5+ Kf8 22.e3 Qd6
23.Qh6+ Kg8 24.Qg5+ Kf8 25.e4 Qe7 26.Qh6+ Kg8 27.exf5 exf5 28.Qh5 Qf6 29.Rc5 Qg6
30.Rxf5 Qxh5 31.Rxh5 Rd6 32.Be4 h6 33.Rb2 b6 34.f4 Nb7 35.Rc2 Nc5 36.Bxc6 Rxc6
37.d4 Kg7 38.dxc5 bxc5 39.Kf2 Ra3 40.Re5 Rca6 41.Rexc5 Rxa2 42.Kg2 Rxc2+
43.Rxc2 Kg6 44.Kh3 Ra4 45.Kg4 Rb4 46.Rc6+ Kg7 47.Rc5 Kg6 48.h4 Ra4 49.Re5 Rb4
50.h5+ Kf6 51.Kf3 Rb3+ 52.Re3 Rb5 53.g4 Rb1 54.Rc3 Rf1+ 55.Ke3 Rg1 56.Rc6+ Kg7
57.Kf3 Rf1+ 58.Ke4 Rg1 59.Kf5 Rh1 60.g5  1/2-1/2

[Event "Balkaniad"]
[Site "Hania"]
[Date "1989.??.??"]
[Round "?"]
[White "Kocsis, Janos"]
[Black "Kosic, Dragan"]
[Result "1/2-1/2"]
[WhiteElo "2265"]
[BlackElo "2445"]

1.c4 e6 2.Nf3 d5 3.g3 f5 4.Bg2 Nf6 5.b3 c6 6.d4 Bd6 7.O-O O-O 8.Ne5 Nbd7
9.Nd3 dxc4 10.bxc4 e5 11.Qb3 Qb6 12.dxe5 Nxe5 13.Bf4 Nf7 14.Nd2 Re8 15.Rfe1 Ne4
16.Bxd6 Nxd2 17.Qc2 Nxd6 18.c5 Qd8 19.Qxd2  1/2-1/2

[Event "JUG-ch"]
[Site "?"]
[Date "1989.??.??"]
[Round "?"]
[White "Strikovic, Aleksa"]
[Black "Djuric, Stefan"]
[Result "1/2-1/2"]
[WhiteElo "2490"]
[BlackElo "2475"]

1.c4 e6 2.Nf3 d5 3.g3 Nf6 4.Bg2 Be7 5.O-O O-O 6.b3 b6 7.Bb2 Bb7 8.Ne5 Nbd7
9.d4 Nxe5 10.dxe5 Ne4 11.Nd2 f5  1/2-1/2

[Event "Leningrad-chT"]
[Site "Leningrad"]
[Date "1989.??.??"]
[Round "?"]
[White "Korsunsky, Rostislav R"]
[Black "Klovans, Janis"]
[Result "0-1"]
[WhiteElo "2390"]
[BlackElo "2355"]

1.c4 e6 2.Nf3 d5 3.d4 Nf6 4.Nc3 Be7 5.cxd5 exd5 6.g3 O-O 7.Bg2 c6 8.Qc2 Nbd7
9.O-O Re8 10.Bf4 Nf8 11.Rad1 Ng6 12.Bg5 Be6 13.h3 Qc8 14.Kh2 Bf5 15.Qb3 h6
16.Bxf6 Bxf6 17.Rc1 Qd7 18.e3 Bd8 19.Rfd1 Bc7 20.Ne5 Nxe5 21.dxe5 Bxe5 22.Nxd5 cxd5
23.Rxd5 Qe7 24.f4 Be6 25.fxe5 Bxd5 26.Bxd5 Rad8 27.e4 Qxe5 28.Bxf7+ Kh8 29.Rc2 Rf8
30.Qxb7 Rb8 31.Qxa7 Rxb2 32.Bb3 Rxc2+ 33.Bxc2 Qc3  0-1

[Event "Lugano op"]
[Site "Lugano"]
[Date "1989.??.??"]
[Round "5"]
[White "Klinger, Josef"]
[Black "Boensch, Uwe"]
[Result "0-1"]
[WhiteElo "2475"]
[BlackElo "2490"]

1.c4 e6 2.Nf3 d5 3.d4 Nf6 4.g3 dxc4 5.Bg2 Nc6 6.O-O Rb8 7.Nc3 a6 8.e4 Be7
9.Qe2 Nxd4 10.Nxd4 Qxd4 11.Rd1 Qc5 12.e5 Nd7 13.Ne4 Qxe5 14.Bf4 Qa5 15.Qxc4 e5
16.Bd2 Qb6 17.Be3 c5 18.Nc3 Nf6 19.Qa4+ Bd7 20.Rxd7 Nxd7 21.Rd1 Rd8 22.Nd5 Qd6
23.Bh3 b5 24.Qg4 g6 25.Bg5 Bxg5 26.Qxg5 f5 27.Bxf5 Kf7 28.Be4 Nf6 29.Bg2 Kg7
30.Qe3 Rhe8 31.Nc3 Qe7 32.Re1 c4 33.h4 Rd3 34.Qg5 h6 35.Qc1 Qc5 36.Ne4 Nxe4
37.Rxe4 Red8 38.Re1 Rd2 39.Rf1 Qd4 40.h5 Rf8 41.Qe1  0-1

[Event "Mendrisio op"]
[Site "Mendrisio"]
[Date "1989.??.??"]
[Round "8"]
[White "Bukal, Vladimir Sr"]
[Black "Kostic, Vladimir"]
[Result "0-1"]
[WhiteElo "2400"]
[BlackElo "2350"]

1.c4 e6 2.Nf3 d5 3.g3 c5 4.cxd5 exd5 5.d4 Nc6 6.Bg2 Nf6 7.O-O Be7 8.Nc3 O-O
9.Bf4 cxd4 10.Nxd4 Bg4 11.h3 Be6 12.Ncb5 Nxd4 13.Qxd4 Rc8 14.Rfc1 a6 15.Rxc8 Qxc8
16.Rc1 Qd7 17.Rc7 Qd8 18.Na7 Ne4 19.Rxb7 Bc5 20.Qa4 Bxf2+ 21.Kh2 Nc5 22.Qc6 Nxb7
23.Qxb7 Qd7 24.Qxd7 Bxd7 25.e3 g5  0-1

[Event "Naleczow op"]
[Site "Naleczow"]
[Date "1989.??.??"]
[Round "?"]
[White "Rotstein, Arkadij"]
[Black "Giorgadze, Giorgi"]
[Result "1-0"]
[WhiteElo "2420"]
[BlackElo "2440"]

1.c4 e6 2.Nf3 d5 3.b3 Nf6 4.g3 Be7 5.Bg2 O-O 6.O-O b6 7.Bb2 c6 8.d3 Bb7 9.Nbd2 c5
10.d4 Nbd7 11.e3 dxc4 12.Nxc4 b5 13.Nce5 Nxe5 14.Nxe5 Bxg2 15.Kxg2 Qd5+ 16.Qf3 Rfc8
17.Rac1 a5 18.dxc5 Rxc5 19.Bd4 Rcc8 20.Rc6 Ba3 21.Rd1 Qxf3+ 22.Kxf3 Nd5 23.e4 Nb4
24.Rb6 Rd8 25.Ke2 Nxa2 26.Nc6 Bc5 27.Nxd8 Bxb6 28.Bxb6 Nc3+ 29.Kd2 Nxd1 30.Kxd1 a4
31.Kc2 Rb8 32.Ba5 Rc8+ 33.Kb2 axb3 34.Kxb3 Rc4 35.e5 g5 36.Nb7 Re4 37.Bc3 Re2
38.Bd4 Re4 39.Bc3 Re2 40.Bd4 Re4 41.Kc3 b4+ 42.Kd3 Re1 43.Nc5 Kg7 44.Ne4 Rd1+
45.Nd2 Kg6 46.Bc5 Rh1 47.Bxb4 Rxh2 48.Ke2 Kf5 49.Bd6 Rh1 50.Nf1 Rg1 51.Bc5 Rh1
52.Bd4 Ke4 53.Bc3 Rh6 54.Ne3 Rh2 55.Bb2 h5 56.Nf1 Rh3 57.f3+ Kf5 58.Kf2 g4
59.Kg2 Kg6 60.Bc1 f6 61.exf6 Kxf6 62.Bd2 e5 63.Ba5 Ke7 64.Ne3 Kd7 65.Be1 Ke6
66.Nd1 e4 67.fxe4 h4 68.gxh4 Rf3 69.Bg3 Rd3 70.Nf2 Rc3 71.Bf4 Rf3 72.Bg5  1-0

[Event "Nuremberg op"]
[Site "Nuremberg"]
[Date "1989.??.??"]
[Round "?"]
[White "Pribyl, Josef"]
[Black "Oppitz, Peter"]
[Result "1/2-1/2"]
[WhiteElo "2405"]
[BlackElo "2265"]

1.c4 e6 2.Nf3 d5 3.b3 Nf6 4.Bb2 Be7 5.g3 O-O 6.Bg2 c5 7.e3 Nc6 8.O-O b6 9.Nc3 Ba6
10.d3 Qc7 11.Qe2 Rad8 12.Rfd1 Rd7 13.Rac1 Rfd8 14.a3 Na5 15.Qc2 dxc4 16.bxc4 Qb8
17.Ne2 Bb7 18.Ne5 Rc7 19.e4 Nd7 20.f4 Nc6 21.Ng4 Nf8 22.Rf1 f6 23.Rcd1 Nd4
24.Nxd4 cxd4 25.a4 Bc6 26.Ra1 Qc8 27.e5 f5 28.Bxc6 Rxc6 29.Nf2 g5 30.Bc1 g4
31.h3 h5 32.Kh2 Ng6 33.hxg4 hxg4 34.Rh1 Kg7 35.Kg1  1/2-1/2

[Event "World op"]
[Site "Philadelphia"]
[Date "1989.??.??"]
[Round "9"]
[White "Meyer, E."]
[Black "Smagin, Sergey"]
[Result "1/2-1/2"]
[WhiteElo "2460"]
[BlackElo "2540"]

1.c4 e6 2.Nf3 d5 3.b3 Nf6 4.Bb2 a5 5.e3 a4 6.Be2 Be7 7.O-O O-O 8.bxa4 Nbd7
9.Nc3 Nb6 10.cxd5 Nfxd5 11.Rb1 Bd7 12.Bb5 Nxa4 13.Nxd5 exd5 14.Bd4 c5 15.Ba1 Bf5
16.d3 Nb6 17.Qc2 f6 18.Rfe1 Kh8 19.a4 Bg4 20.Nd2 Bh5 21.Nb3 Rc8 22.e4 Bf7
23.Na5 Rc7 24.Ba6 bxa6 25.Rxb6 Qc8 26.exd5 Bxd5 27.Nc4 Bd8 28.Rd6 Rd7 29.Nb6 Bxb6
30.Rxb6 Rc7 31.Qe2 Rc6 32.a5 Qc7 33.Rxc6 Bxc6 34.d4 Bb5 35.Qa2 c4 36.Bc3 Qd6
37.Qe2 Kg8 38.Qe6+ Qxe6 39.Rxe6 Kf7 40.Re2 Rb8 41.f3 Bc6 42.Kf2 Rb3 43.Re3 f5
44.Bd2 Rb2 45.Ke1 Rb1+ 46.Kf2 Rb3 47.Rxb3 cxb3 48.Bc3 g5 49.Ke3 Ke6 50.g3 Kd5
51.f4 g4 52.Bb2 Kc4 53.Kd2 Bd5 54.Ba3 Kxd4 55.Bb2+ Ke4 56.Bf6 Kf3 57.Kc3 Kg2
58.Bh4 Kxh2 59.Kb2 Kg2 60.Kc3 Kf2  1/2-1/2

[Event "Rubinstein mem"]
[Site "Polanica Zdroj"]
[Date "1989.??.??"]
[Round "11"]
[White "Zaichik, Gennadi"]
[Black "Petrosian, Arshak B"]
[Result "0-1"]
[WhiteElo "2500"]
[BlackElo "2475"]

1.c4 e6 2.Nf3 d5 3.b3 Be7 4.Bb2 Bf6 5.Nc3 dxc4 6.bxc4 c5 7.g3 b6 8.Bg2 Bb7
9.O-O Ne7 10.e3 O-O 11.Qe2 Nbc6 12.Rad1 Na5 13.d3 Rb8 14.e4 Ng6 15.Ne1 Nc6
16.f4 Bd4+ 17.Kh1 Nge7 18.Nf3 Qd7 19.Bh3 Rfd8 20.g4 Ng6 21.Nxd4 cxd4 22.Nb5 a6
23.Na3 e5 24.fxe5 Ngxe5 25.Nc2 Qe7 26.Bg2 Qh4 27.h3 Bc8 28.Qf2 Qxf2 29.Rxf2 b5
30.cxb5 Rxb5 31.Ba1 Be6 32.Bf1 Ra5 33.Rb1 Rxa2 34.Kg2 h6 35.Rb6 a5 36.Bb2 a4
37.Nb4 Nxb4 38.Rxb4 Ra8 39.Rxd4 a3 40.Bc3 Rxf2+ 41.Kxf2 a2 42.Ba1 Nc6 43.Rd6 Nb4
44.d4 Nc2 45.Bb2 Rb8  0-1

[Event "Porz op23"]
[Site "Porz"]
[Date "1989.??.??"]
[Round "8"]
[White "Schneider, B."]
[Black "Bany, Jerzy"]
[Result "1/2-1/2"]
[WhiteElo "2470"]
[BlackElo "2440"]

1.c4 e6 2.Nf3 d5 3.d4 Nf6 4.Nc3 Nbd7 5.cxd5 exd5 6.Bf4 Nb6 7.e3 Bf5 8.Rc1 c6
9.Be2 Be7 10.Ne5 Nfd7 11.Nxd7 Qxd7 12.O-O O-O 13.a4 a5 14.Bd3 Bxd3 15.Qxd3 Rfe8
16.Rc2 Bd6 17.Bxd6 Qxd6 18.Ra1 Qb4 19.b3 Nc8 20.Na2 Qb6 21.Nc1 Nd6 22.Rb1 Qd8
23.Qd1 Qh4 24.Nd3 Re6 25.h3 Qg5 26.Nf4 Ree8 27.Qh5 Qe7  1/2-1/2

[Event "Prague Vysehrad"]
[Site "Prague"]
[Date "1989.??.??"]
[Round "7"]
[White "Landenbergue, Claude"]
[Black "Netusil, Miroslav"]
[Result "1/2-1/2"]
[WhiteElo "2350"]
[BlackElo "2320"]

1.c4 e6 2.Nf3 d5 3.g3 Nf6 4.b3 c5 5.Bg2 Nc6 6.O-O Be7 7.e3 O-O 8.Bb2 b6 9.Qe2 Bb7
10.Rd1 Qc7 11.Nc3 dxc4 12.bxc4 Rac8 13.Rac1 Rfd8 14.d4 cxd4 15.exd4 Na5 16.Nb5 Qd7
17.Ne5 Qe8 18.Bxb7 Nxb7 19.Qf3 Na5 20.Nxa7 Rc7 21.Nb5 Rcc8 22.a4 Nd7 23.Nxd7 Qxd7
24.d5 Nxc4 25.Bxg7 Kxg7 26.Qg4+ Kf8 27.Rxc4 Rxc4 28.Qxc4 Bc5 29.Qh4 Qe7 30.Qxh7 Qf6
31.Qc2 Rxd5 32.Rxd5 exd5 33.Kg2 d4 34.Qd3 Qe6 35.h4 Qa2 36.Qd1 Qc4 37.Qh5 d3
38.Qh8+ Ke7 39.Qe5+ Kf8 40.Nd6 Bxd6 41.Qxd6+ Kg7 42.h5 Qe4+ 43.Kg1 Qe1+ 44.Kg2 d2
45.h6+ Kh7 46.Qf4 d1=Q 47.Qxf7+ Kxh6  1/2-1/2

[Event "Primorsko op"]
[Site "Primorsko"]
[Date "1989.??.??"]
[Round "?"]
[White "Umanskaya, Irina"]
[Black "Voiska, Margarita"]
[Result "1/2-1/2"]
[WhiteElo "2170"]
[BlackElo "2340"]

1.Nf3 e6 2.c4 d5 3.d4 c6 4.Qc2 Bd6 5.Bg5 Qa5+ 6.Bd2 Qc7 7.e4 dxe4 8.Qxe4 Nf6
9.Qc2 O-O 10.Nc3 Nbd7 11.O-O-O e5 12.dxe5 Nxe5 13.Nxe5 Bxe5 14.h3 Bf4 15.Bd3 Be6
16.g3 Bxd2+ 17.Rxd2 Qa5 18.b3 b5 19.Ne2 bxc4 20.Bxc4 Nd5 21.Qb2 Nc7 22.Bxe6 Nxe6
23.Nd4  1/2-1/2

[Event "Sagua la Grande"]
[Site "Sagua la Grande"]
[Date "1989.??.??"]
[Round "11"]
[White "Vilela, Jose Luis"]
[Black "Armas, Jorge"]
[Result "1/2-1/2"]
[WhiteElo "2405"]
[BlackElo "2385"]

1.c4 e6 2.Nf3 d5 3.d4 Nf6 4.Nc3 Be7 5.Bg5 dxc4 6.e3 a6 7.Bxc4 b5 8.Bd3 Bb7
9.Bxf6 gxf6 10.Be4 Bxe4 11.Nxe4 Qd5 12.Nc3 Bb4 13.O-O Bxc3 14.bxc3 Rg8 15.Re1 f5
16.a4 Nd7 17.axb5 axb5 18.Rxa8+ Qxa8 19.g3 h5  1/2-1/2

[Event "Santiago zt"]
[Site "Santiago"]
[Date "1989.??.??"]
[Round "5"]
[White "Morovic Fernandez, Ivan"]
[Black "Salazar, Hernan"]
[Result "1/2-1/2"]
[WhiteElo "2540"]
[BlackElo "2345"]

1.c4 e6 2.Nf3 d5 3.d4 c5 4.cxd5 exd5 5.g3 Nf6 6.Nc3 Nc6 7.Bg2 Be7 8.O-O O-O
9.Bg5 cxd4 10.Nxd4 h6 11.Be3 Re8 12.Qb3 Na5 13.Qc2 Bg4 14.Nf5 Rc8 15.Bd4 Bc5
16.Bxc5 Rxc5 17.Ne3 Be6 18.Rad1 Qc8 19.Qa4 Rd8 20.Rd3 a6 21.Rfd1 Nc4 22.Nxc4 Rxc4
23.Qa5 Rd7 24.Rd4 b5 25.Rxc4 dxc4 26.Rf1 Rd6  1/2-1/2

[Event "Sao Paulo"]
[Site "Sao Paulo"]
[Date "1989.??.??"]
[Round "?"]
[White "Sunye Neto, Jaime"]
[Black "Correa, Aron A"]
[Result "1-0"]
[WhiteElo "2510"]
[BlackElo "2270"]

1.c4 e6 2.Nf3 d5 3.d4 Nf6 4.Nc3 Be7 5.Bg5 O-O 6.e3 c6 7.Qc2 Nbd7 8.a3 Re8
9.Rd1 h6 10.Bh4 b6 11.Bd3 Ba6 12.Qa4 Qc8 13.cxd5 b5 14.Qc2 cxd5 15.Bxf6 Nxf6
16.b4 Ne4 17.Nxe4 dxe4 18.Bxe4 Qxc2 19.Bxc2 Bb7 20.Bd3 Rec8 21.Bxb5 Rc3 22.a4 a6
23.Bd3 Bxb4 24.O-O Bc6 25.Ne5 Bxa4 26.Ra1 Ba3 27.Ra2 Bb5 28.Rfa1 Rac8 29.g3 Bd6
30.Bxb5 axb5 31.Ra7 b4 32.Rb7 b3 33.Kg2 Rb8 34.Rxb8+ Bxb8 35.Ra8 Rc8 36.Nd3 Kf8
37.Ra6 Rc3 38.Nc5 Bc7 39.Ra8+ Ke7 40.Ra7 Kd8 41.Rb7 Rc2 42.Nxb3 Ke8 43.Nc5 Bd6
44.Ne4 Be7 45.g4 g6 46.Rb8+ Kd7 47.Rh8 f5 48.gxf5 gxf5 49.Ng3 Bg5 50.Kf3 Ra2
51.d5 Ra4 52.dxe6+ Kxe6 53.Re8+ Kf7 54.Re5 f4 55.Rf5+ Kg6 56.exf4 Ra3+ 57.Kg4 Bf6
58.Rd5 Ra2 59.Ne4 Be7 60.f5+ Kf7 61.Rd7 Kf8 62.h4 Ra6 63.Kh5 Rc6 64.Rd5 Kg7
65.Re5 Kf7 66.Rb5 Kg7  1-0

[Event "Sevilla op"]
[Site "Sevilla"]
[Date "1989.??.??"]
[Round "?"]
[White "Franco Ocampo, Zenon"]
[Black "Antunes, Antonio"]
[Result "1-0"]
[WhiteElo "2490"]
[BlackElo "2445"]

1.c4 e6 2.Nf3 d5 3.e3 c5 4.d4 Nf6 5.cxd5 exd5 6.Bb5+ Nc6 7.O-O cxd4 8.Nxd4 Bd7
9.Nc3 Be7 10.b3 O-O 11.Bb2 Rc8 12.Be2 Qb6 13.Nf3 Qa5 14.a3 Bg4 15.b4 Qd8
16.Rc1 Qd7 17.Qa4 a6 18.Rfd1 Rfd8 19.b5 axb5 20.Qxb5 Bxf3 21.Bxf3 Ne5 22.Qxd7 Nxf3+
23.gxf3 Nxd7 24.Nxd5 Bf8 25.Rxc8 Rxc8 26.Ne7+ Bxe7 27.Rxd7 Bh4 28.Rxb7 h5
29.Rb4 g5 30.e4 Rc2 31.Bd4 Ra2 32.Rb8+ Kh7 33.Bb2 f6 34.h3 Kg6 35.Rb5 Kh7
36.Kf1 Kh6 37.Ke1 Kg6 38.Kd1 Bxf2 39.Kc1 Bd4 40.Kb1 Rxb2+ 41.Rxb2 g4 42.fxg4 hxg4
43.Rg2  1-0

[Event "URS Army-ch"]
[Site "Simferopol"]
[Date "1989.??.??"]
[Round "?"]
[White "Donchenko, Anatoly G"]
[Black "Doroshkievich, Vladimir K"]
[Result "1/2-1/2"]
[WhiteElo "2370"]
[BlackElo "2390"]

1.c4 e6 2.Nf3 d5 3.g3 Nf6 4.Bg2 d4 5.e3 Nc6 6.O-O e5 7.exd4 exd4 8.d3 Be7
9.a3 a5 10.Bf4 Nd7 11.Re1 O-O 12.Nbd2 a4 13.b4 axb3 14.Nxb3 Nc5 15.Ne5  1/2-1/2

[Event "Stavanger op"]
[Site "Stavanger"]
[Date "1989.??.??"]
[Round "7"]
[White "Agdestein, Espen"]
[Black "Lauvsnes, Arild"]
[Result "1-0"]
[WhiteElo "2335"]
[BlackElo "2270"]

1.c4 e6 2.Nf3 d5 3.g3 Nf6 4.Bg2 Be7 5.O-O O-O 6.d4 a6 7.Nc3 c6 8.b3 Nbd7
9.a4 a5 10.Qc2 Bb4 11.c5 b6 12.cxb6 Qxb6 13.Na2 Be7 14.Be3 Ba6 15.Rfb1 Rfc8
16.Qd1 Rab8 17.Ne5 c5 18.Nxd7 Nxd7 19.dxc5 Bxc5 20.Bxc5 Qxc5 21.Qe1 Qc2 22.Qxa5 Bxe2
23.Qe1 Bd3 24.Nb4 Qxb1 25.Rxb1 Bxb1 26.Nxd5 exd5 27.Qxb1 Nf6 28.a5 Rc5 29.a6 Rcb5
30.Qa2 Nd7 31.a7 Ra8 32.Qa4 Rb7 33.Bxd5 Rbxa7 34.Bxa8 Rxa4 35.bxa4 Nb6 36.Bc6 Kf8
37.a5 Nc8 38.Kg2 Ke7 39.Kf3 Kd6 40.Bb7 Na7 41.Ke4 Nb5 42.a6 Kc5 43.Ke5 Kb6
44.g4 h6 45.Kd5 Nc3+ 46.Kd6 Nd1 47.f3 Ne3 48.Ke7 f5 49.gxf5 Nxf5+ 50.Kf7 g5
51.Kg6 Ne3 52.Kxh6 g4 53.f4  1-0

[Event "Uzes op"]
[Site "Uzes"]
[Date "1989.??.??"]
[Round "3"]
[White "Roos, Celine"]
[Black "Peyronnet, J."]
[Result "1-0"]
[WhiteElo "2145"]
[BlackElo "1780"]

1.c4 e6 2.Nf3 d5 3.g3 Nf6 4.Bg2 g6 5.O-O Bg7 6.Qc2 O-O 7.Na3 c6 8.b4 Bd7
9.Rb1 Na6 10.b5 cxb5 11.cxb5 Nc7 12.d3 a6 13.bxa6 bxa6 14.Bf4 Nb5 15.Nxb5 Bxb5
16.a4 Bd7 17.Rb4 Rc8 18.Qa2 Qa5 19.Rfb1 Rfe8 20.Ne5 Bf8 21.Rb7 Qxa4 22.Qxa4 Bxa4
23.Nxf7 Re7 24.Ne5 Bb5 25.Rxe7 Bxe7 26.Bh3 Rc2 27.Bxe6+ Kg7 28.Nf7 h5 29.Bh6+ Kh7
30.Kf1 Rc6 31.Bf4 Kg7 32.Ng5 d4 33.Be5 Kh6 34.Bxd4 Ng4 35.Nf7+ Kh7 36.Bd7 Rc2  1-0

[Event "Legion op"]
[Site "Warsaw"]
[Date "1989.??.??"]
[Round "10"]
[White "Hass, Roman"]
[Black "Bozek, Adam"]
[Result "0-1"]
[WhiteElo "2355"]
[BlackElo "2375"]

1.c4 e6 2.Nf3 d5 3.d4 Nf6 4.Nc3 Bb4 5.cxd5 exd5 6.Bg5 Nbd7 7.e3 c5 8.Bd3 Qa5
9.Qc2 c4 10.Bf5 O-O 11.O-O Re8 12.Nd2 g6 13.Bh3 Kg7 14.a3 Bxc3 15.bxc3 Ne4
16.Nxe4 dxe4 17.Bf4 Nb6 18.Bxc8 Raxc8 19.f3 Nd5 20.fxe4 Qxc3 21.Qxc3 Nxc3
22.e5 f5 23.exf6+ Kxf6 24.Be5+ Ke6 25.Rf6+ Kd5 26.Rf7 Rf8 27.Rxb7 Ne2+ 28.Kh1 c3
29.Bc7 c2 30.Rb5+ Ke4 31.Re5+ Kd3 32.g3 Rf2  0-1

[Event "Yerevan"]
[Site "Yerevan"]
[Date "1989.??.??"]
[Round "?"]
[White "Romanishin, Oleg M"]
[Black "Marjanovic, Slavoljub"]
[Result "1-0"]
[WhiteElo "2555"]
[BlackElo "2490"]

1.c4 e6 2.Nf3 d5 3.d4 Nf6 4.g3 dxc4 5.Bg2 a6 6.O-O b5 7.Ne5 Nd5 8.a4 Bb7
9.b3 cxb3 10.axb5 axb5 11.Rxa8 Bxa8 12.Qxb3 c6 13.Nc3 Be7 14.Nxd5 exd5 15.Qa2 Bb7
16.Qa7 Qc7 17.Bf4 Bd6 18.Rc1 Qe7 19.Ra1 Bc8 20.Qxe7+ Kxe7 21.Ra7+ Nd7 22.Nxc6+ Ke6
23.Bh3+ f5 24.Bxf5+ Kxf5 25.Bxd6 Ke6 26.Bb4 Re8 27.f3 Kf6 28.Kf2 g5 29.Rc7 Nb6
30.Rxh7 Nc4 31.Ne7 Be6 32.e4  1-0

[Event "DDR-ch 38th"]
[Site "Zittau"]
[Date "1989.??.??"]
[Round "?"]
[White "Espig, Lutz"]
[Black "Tischbierek, Raj"]
[Result "1-0"]
[WhiteElo "2470"]
[BlackElo "2475"]

1.c4 e6 2.Nf3 d5 3.b3 a5 4.Bb2 Nf6 5.e3 Be7 6.Nc3 O-O 7.d4 b6 8.Bd3 Bb7 9.Qc2 c5
10.cxd5 exd5 11.Na4 Na6 12.a3 Qd6 13.O-O cxd4 14.Nxd4 Ng4 15.Nf3 Rac8 16.Qb1 g6
17.h3 Nf6 18.Be5 Qe6 19.Bd4 Nd7 20.Rc1 Rxc1+ 21.Qxc1 Nac5 22.Bc2 Ne4 23.Qb2 Rc8
24.Bd3 Ndc5 25.Bf1 Qc6 26.Ne5 Qd6 27.Ng4 h5 28.Nh6+ Kf8 29.Bxc5  1-0